[Event "EICC 2021"]
[Site "Reykjavik"]
[Date "2021.08.31"]
[Round "6.18"]
[White "Antipov, Mikhail Al."]
[Black "Kacharava, Nikolozi"]
[Result "1/2-1/2"]
[WhiteElo "2607"]
[BlackElo "2453"]
[Annotator "TA"]
[PlyCount "81"]
[EventDate "2021.08.26"]
[EventType "swiss"]
[EventCountry "ISL"]
[Tiebreak "Cut1 Buchholz"]
[SourceTitle "playchess.com"]
[Source "ChessBase"]
[SourceQuality "1"]

{[%evp 14,81,17,15,16,2,0,5,38,-7,0,-14,0,0,0,0,0,0,0,0,0,0,0,0,0,0,22,0,27,29,
31,41,57,57,57,54,47,20,43,24,33,25,21,17,17,22,20,17,22,16,28,11,14,11,22,22,
33,0,0,0,0,0,0,0,0,0,0,0,0,0]} 1. e4 e5 2. Nf3 Nf6 3. Nxe5 d6 4. Nf3 Nxe4 5.
Qe2 Qe7 6. d3 Nf6 7. Nc3 Qxe2+ 8. Bxe2 g6 {[#] C42: Petroff Defence: 3 Nxe5
and unusual White 3rd moves.} 9. Bd2 $146 ({Predecessor:} 9. h3 Bg7 10. Nd4 Bd7
11. Bf3 Nc6 12. Be3 Ne5 13. Bxb7 Rb8 14. Bd5 c5 15. Nb3 Nxd5 16. Nxd5 {1/2-1/2
(54) Topalov,V (2740)-Dominguez Perez,L (2739) Saint Louis 2019}) 9... Bg7 10.
O-O-O a6 11. Rhf1 O-O 12. Ng5 Nc6 13. Rde1 Nd4 14. Bd1 Bd7 15. Nge4 Bc6 16.
Nxf6+ Bxf6 17. Ne4 Bg7 18. c3 Ne6 19. f4 d5 20. Ng5 Nxg5 21. fxg5 f6 22. gxf6
Rxf6 23. Rxf6 Bxf6 24. Bf3 Rf8 25. Kc2 Rf7 26. Re2 Kg7 27. Be1 (27. Bc1 {
feels hotter.} h5 28. Be3 Re7 29. b3 b6 30. Kd2) 27... Re7 28. Rxe7+ Bxe7 $11 {
[%mdl 4096] Endgame KBB-KBB} 29. Bg3 Bd8 30. Kd2 Kf7 31. b4 h5 32. c4 Ke6 33.
h3 Be7 34. Kc3 Bd6 35. Bxd6 (35. Bf2 {is interesting.} Be5+ 36. d4 Bd6 37. Be1
Bh2 38. a4) 35... Kxd6 {The position is equal.} 36. Kd4 {[%cal Rf3d5]} dxc4 37.
Bxc6 Kxc6 38. dxc4 $14 {KP-KP} Kd6 39. h4 b6 $1 40. a4 c6 41. Ke4 {Weighted
Error Value: White=0.06/Black=0.05} 1/2-1/2

[Event "EICC 2021"]
[Site "Reykjavik"]
[Date "2021.08.31"]
[Round "6.19"]
[White "Grigorian, Spartak"]
[Black "Gretarsson, Hjorvar Steinn"]
[Result "1-0"]
[WhiteElo "2448"]
[BlackElo "2603"]
[Annotator "TA"]
[PlyCount "79"]
[EventDate "2021.08.26"]
[EventType "swiss"]
[EventCountry "ISL"]
[Tiebreak "Cut1 Buchholz"]
[SourceTitle "playchess.com"]
[Source "ChessBase"]
[SourceQuality "1"]

{[%evp 11,79,25,11,-3,4,8,0,10,4,0,47,0,22,0,69,26,27,27,39,15,21,21,21,35,23,
31,68,56,115,118,102,56,72,54,63,51,56,56,71,61,81,73,68,62,184,179,250,9,311,
166,973,997,1265,1191,1065,692,1811,1802,1829,1755,1461,1323,1504,1261,5412,
4579,12841,12841,29988,29989]} 1. d4 e6 2. c4 b6 3. a3 Bb7 4. Nc3 f5 5. d5 Nf6
6. g3 Bd6 7. Bg2 {A40: Unusual replies to 1 d4.} Be5 8. Nb5 a6 9. Nd4 {[#] The
position is equal.} Bxd4 $146 ({Predecessor:} 9... b5 10. Ndf3 Bd6 11. dxe6
dxe6 12. cxb5 axb5 13. Nh3 O-O 14. O-O Qe8 15. Nd4 Bxg2 16. Kxg2 {1-0 (60)
Jiretorn,E (2106)-Chasovnikova,E (2319) Istanbul 2003}) 10. Qxd4 d6 11. Nf3 Qe7
{[%cal Re6d5]} 12. dxe6 Be4 (12... Nc6 $11 13. Qd3 g6) 13. b4 Nc6 14. Qc3 O-O
15. Bb2 Rae8 16. O-O Nd8 17. a4 {[%cal Ba3a4,Ba4a5][%mdl 32]} Nxe6 18. a5 b5
19. Rac1 bxc4 (19... c5 $14) 20. Qxc4 $16 d5 21. Qc3 f4 22. b5 {Hoping for Ba3.
} fxg3 23. hxg3 {Threatens to win with Ba3.} d4 24. Nxd4 Nd5 $1 {[%cal Rd5c3]}
25. Qb3 Nxd4 26. Bxd4 Bxg2 27. Kxg2 Qe4+ (27... Qe6 $1 $14 28. Qd3 Qg4) 28. Kg1
$18 {Rfd1 is the strong threat.} Re6 (28... Rb8 $142) 29. Rc5 $2 Rf5 $2 {
[%mdl 8192] [#]} (29... Nf4 $1 $11 {and Black has nothing to worry.} 30. gxf4
Rxf4) 30. Qd3 (30. Qb1 $142 $1 axb5 31. Qxe4 (31. Rxb5 Qg4 $16) 31... Rxe4 32.
e3) 30... Qg4 $2 (30... Qxd3 31. exd3 axb5 32. Rxb5 Ne7 33. Rxf5 Nxf5) 31. bxa6
c6 32. a7 Rf8 {[#]} 33. Qf3 $3 {[%mdl 576] Promotion} Rxf3 (33... Qxf3 34. exf3
) 34. exf3 Qxd4 35. a8=Q+ {[%mdl 64] Double Attack} Kf7 36. Rxc6 Re5 37. Qb7+
Ne7 38. a6 Rg5 39. Kg2 Qd5 {[#]} 40. Re1 $1 {[%mdl 512] Weighted Error Value:
White=0.49/Black=0.59} 1-0

[Event "EICC 2021"]
[Site "Reykjavik"]
[Date "2021.08.31"]
[Round "6.20"]
[White "Sousa, Andre Ventura"]
[Black "Romanov, Evgeny"]
[Result "0-1"]
[WhiteElo "2405"]
[BlackElo "2594"]
[Annotator "TA"]
[PlyCount "78"]
[EventDate "2021.08.26"]
[EventType "swiss"]
[EventCountry "ISL"]
[Tiebreak "Cut1 Buchholz"]
[SourceTitle "playchess.com"]
[Source "ChessBase"]
[SourceQuality "1"]

{[%evp 14,78,61,54,58,60,57,60,60,60,60,60,60,60,60,60,68,60,75,31,31,0,80,67,
75,37,43,37,47,-25,-7,-179,-160,-172,-155,-158,-136,-131,-120,-139,-101,-89,
-50,-112,-79,-103,-100,-155,-123,-147,-150,-256,-254,-406,-401,-877,-870,-1137,
-1129,-1777,-1112,-1087,-1034,-12841,-12837,-12840,-5285]} 1. e4 c5 2. Nf3 a6
3. c4 e6 4. d4 cxd4 5. Nxd4 Nf6 6. Nc3 Qc7 7. a3 b6 8. Be3 Bb7 {B41: Sicilian:
Kan Variation: 5 c4.} 9. f3 Nc6 10. Qd2 Ne5 {White is slightly better.} 11. Rc1
{[#]} Be7 $146 ({Predecessor:} 11... d6 12. Be2 Be7 13. O-O O-O 14. b4 Rac8 15.
Na4 Ned7 16. Rc2 Qb8 17. Rb1 Ba8 18. Kh1 Rfe8 19. Qc1 Rc7 20. Nb3 Rcc8 21. Nb2
Rc7 {1/2-1/2 (21) Baldauf,M (2358)-Milov,L (2480) Germany 2011}) 12. Be2 O-O
13. O-O Ng6 14. Kh1 d6 15. b4 h5 16. Bd3 Ne5 17. Be2 Rac8 (17... Ng6 $11) 18.
Na4 $16 h4 19. Nxb6 Qxb6 {[#]} 20. Nxe6 Qc6 {[#]} 21. b5 $1 Qe8 $11 22. Ng5 (
22. Nxf8 $11 {and White has nothing to worry.} Bxf8 23. Qa5) 22... axb5 $19 23.
cxb5 d5 24. Bd4 Nfd7 (24... Bxa3 25. Rxc8 Bxc8 26. Ra1 $15) 25. Rxc8 Qxc8 ({
Much less strong is} 25... Bxc8 26. exd5 Bb7 27. a4 $15) 26. exd5 Qd8 ({Reject
} 26... Bxa3 $6 27. f4 $11) 27. Nh3 Bxd5 28. Rd1 (28. a4 $15) 28... Bb3 $17 29.
Rb1 Be6 30. Qc3 {[#]} (30. a4 $142) 30... Bf5 $1 31. Rd1 (31. Rc1 Bf6) 31...
Qb8 32. Nf4 (32. a4 $17 {might work better.}) 32... Rc8 $19 33. Qe3 (33. Qe1 {
was the only chance.}) 33... Bg5 34. g4 (34. Bxe5 $142 Nxe5 35. Qd4) 34... Bc2
{Black is clearly winning.} 35. Bxe5 Nxe5 36. Rd5 {[#]} Nxg4 $1 {[%mdl 512]}
37. fxg4 (37. Qg1 Bxf4) 37... Bxf4 38. Qd4 Re8 {( -> ...Be4+)} 39. Bf3 h3 {
Weighted Error Value: White=0.79/Black=0.10} 0-1

[Event "EICC 2021"]
[Site "Reykjavik"]
[Date "2021.08.31"]
[Round "6.21"]
[White "Blohberger, Felix"]
[Black "Lupulescu, Constantin"]
[Result "1/2-1/2"]
[WhiteElo "2502"]
[BlackElo "2659"]
[Annotator "TA"]
[PlyCount "32"]
[EventDate "2021.08.26"]
[EventType "swiss"]
[EventCountry "ISL"]
[Tiebreak "Cut1 Buchholz"]
[SourceTitle "playchess.com"]
[Source "ChessBase"]
[SourceQuality "1"]

{[%evp 13,32,30,28,32,46,38,41,23,52,52,64,51,59,33,70,64,97,79,66,37,49]} 1.
e4 c5 2. Nf3 d6 3. d4 cxd4 4. Nxd4 Nf6 5. f3 a6 6. c4 e6 7. Nc3 Be7 8. Be3 {
B55: Sicilian: 2...d6 3 d4 cxd4 4 Nxd4 Nf6 5 f3.} O-O 9. Qc2 Qc7 {[#]} 10.
O-O-O $146 ({Predecessor:} 10. Be2 b6 11. O-O Nbd7 12. Rfc1 Bb7 13. b4 Rac8 14.
Qb3 Qb8 15. a4 Rfe8 16. Bf2 {1-0 (47) Dijkhuis,S (2159)-Fartmann,B (2076)
Bargteheide 2015}) 10... Nfd7 11. Kb1 Ne5 12. Rc1 Bd7 13. f4 Nec6 14. Qf2 Bf6
15. Nf3 Be8 16. c5 dxc5 {Weighted Error Value: White=0.12/Black=0.12} 1/2-1/2

[Event "EICC 2021"]
[Site "Reykjavik"]
[Date "2021.08.31"]
[Round "6.22"]
[White "Druska, Juraj"]
[Black "Deac, Bogdan-Daniel"]
[Result "0-1"]
[WhiteElo "2493"]
[BlackElo "2639"]
[Annotator "TA"]
[PlyCount "64"]
[EventDate "2021.08.26"]
[EventType "swiss"]
[EventCountry "ISL"]
[Tiebreak "Cut1 Buchholz"]
[SourceTitle "playchess.com"]
[Source "ChessBase"]
[SourceQuality "1"]

{[%evp 9,64,15,35,27,23,23,34,22,45,26,53,48,56,35,64,50,68,56,57,49,54,52,47,
-28,-21,-35,-12,-121,-123,-108,-108,-114,-116,-114,-118,-234,-237,-251,-237,
-244,-229,-270,-258,-337,-210,-233,-235,-356,-333,-417,-387,-1551,-1516,-1377,
-1320,-29988,-29989]} 1. e4 c5 2. Nf3 d6 3. Bb5+ Nd7 4. a4 Ngf6 5. Nc3 g6 6. a5
{B51: Sicilian: Moscow Variation (3 Bb5+) without 3...Bd7.} Bg7 7. O-O O-O 8.
Re1 {White is slightly better.} a6 9. Bf1 Ng4 {[#]} 10. d4 $146 ({Predecessor:
} 10. h3 Nge5 11. Nxe5 Nxe5 12. Nd5 Nc6 13. Nb6 Rb8 14. Nc4 Be6 15. c3 Bxc4 16.
Bxc4 Nxa5 {0-1 (41) Sokolin,L (2482)-Kozionov,K (2453) Chess.com INT 2021})
10... cxd4 11. Nxd4 Nge5 12. Be3 Nc6 13. Nd5 Nxa5 {[#]} 14. Nxe7+ $1 Qxe7 15.
Rxa5 Qxe4 16. Bd3 Qe8 $11 17. Bg5 Ne5 18. f4 (18. Bf1 $11 {keeps the balance.})
18... Nxd3 $17 19. Rxe8 Bxd4+ 20. Kf1 Rxe8 21. Qxd3 Bxb2 22. f5 (22. Qxd6 $17
Be6 23. Kg1) 22... Bxf5 $19 23. Rxf5 gxf5 24. c3 {[#]} Re6 25. h4 Rae8 26. h5
Re1+ 27. Kf2 R1e4 28. Bd2 (28. Kf3 $142) 28... Ba3 29. Qg3+ Rg4 30. Qf3 $2 (30.
Qd3 Bc5+ 31. Kf3) 30... Bc5+ 31. Kf1 Ra4 {( -> ...Ra1+)} 32. Qd1 Rh4 {[%cal
Rh4h1] Weighted Error Value: White=0.83/Black=0.09} 0-1

[Event "EICC 2021"]
[Site "Reykjavik"]
[Date "2021.08.31"]
[Round "6.23"]
[White "Sebenik, Matej"]
[Black "Paravyan, David"]
[Result "1-0"]
[WhiteElo "2492"]
[BlackElo "2631"]
[Annotator "TA"]
[PlyCount "99"]
[EventDate "2021.08.26"]
[EventType "swiss"]
[EventCountry "ISL"]
[Tiebreak "Cut1 Buchholz"]
[SourceTitle "playchess.com"]
[Source "ChessBase"]
[SourceQuality "1"]

{[%evp 9,99,18,27,17,31,30,17,19,18,14,20,10,26,29,33,33,43,38,64,47,55,55,58,
59,72,77,108,101,102,99,195,182,199,168,172,189,193,141,147,136,153,141,137,
161,166,169,156,62,57,62,66,49,66,76,71,0,34,43,328,322,305,313,317,312,314,
197,200,206,176,110,364,346,429,437,484,458,458,410,386,400,1260,1391,29963,
29963,5273,4794,29989,29990,29990,29990,29990,29991]} 1. Nf3 d5 2. d4 e6 3. c4
Nd7 4. Nc3 Ngf6 5. Bf4 dxc4 6. e3 {D37: Queen's Gambit Declined: 5 Bf4.} a6 7.
a4 {[%mdl 1024] White has compensation. 7.a4 is better than 7.Bxc4.} Nb6 {[#]}
8. Be2 $146 {The position is equal.} ({Predecessor:} 8. a5 Nbd5 9. Bxc4 Nxf4
10. exf4 Nd5 11. f5 c6 12. Qb3 Bd6 13. O-O O-O 14. Ne5 {1/2-1/2 (31) Edouard,R
(2641)-Naiditsch,A (2643) Batumi 2019}) 8... Bb4 9. Qc2 O-O 10. O-O Nbd5 11.
Bg5 h6 12. Bh4 c5 13. Rfd1 Bxc3 14. bxc3 Qa5 15. Rdc1 cxd4 16. cxd4 c3 17. Ne5
Qc7 18. Bf3 Nd7 19. Nd3 N7f6 (19... a5 $16 {keeps fighting.}) 20. e4 $18 {
Hoping for Bg3.} Ne7 21. Qb3 ({Resist} 21. Qxc3 $6 Qxc3 22. Rxc3 Rd8 $14) 21...
Re8 22. Rxc3 Qd8 23. Rc4 ({Better is} 23. Ne5 $18) 23... Nc6 $16 24. Qb2 g5 25.
Bg3 g4 26. Be2 {[#] And now Bh4 would win.} Nxe4 27. Bxg4 Qg5 28. Qe2 (28. Ne5
$16) 28... Nxg3 $14 29. hxg3 Rd8 $1 30. f4 $36 {[%mdl 2048] White fights for
an advantage.} Qg7 31. Ne5 $1 Bd7 32. Bf3 ({White should try} 32. Rd1 $16)
32... Rac8 33. Kh2 Ne7 $2 {[%mdl 8192]} (33... Nxe5 $14 34. dxe5 Bc6) 34. Bxb7
$18 Rxc4 35. Qxc4 {Strongly threatening Qc7.} Nf5 36. g4 Nd6 37. Qc7 Nxb7 38.
Qxb7 (38. Nxd7 Qxd4 39. Qxb7 Rxd7 $15) 38... Qf6 39. Qe4 ({Stronger than} 39.
Nxd7 Qxf4+ 40. Kh1 Qxd4 $11) (39. Kg3 $18) 39... a5 $2 {[%mdl 8192] [#]} (39...
Qh4+ $16 {was necessary.} 40. Kg1 Qe7) 40. Ra3 $1 {[%cal Ra3g3]} Be8 41. Rg3
Rd5 42. g5 hxg5 43. Rxg5+ Kf8 {intending ...Qh8+.} 44. Qe3 {Qa3+ would kill
now.} Ke7 (44... Rd6 $142 45. Rh5 Bxa4) 45. Kg3 Qh6 46. Qa3+ Kd8 47. Rg8 Qh5
48. Qf8 {White mates.} f5 49. Nf7+ Kc7 50. Qxe8 {Weighted Error Value: White=0.
12/Black=0.54} 1-0

[Event "EICC 2021"]
[Site "Reykjavik"]
[Date "2021.08.31"]
[Round "6.24"]
[White "Ter-Sahakyan, Samvel"]
[Black "Vrolijk, Liam"]
[Result "1-0"]
[WhiteElo "2624"]
[BlackElo "2480"]
[Annotator "TA"]
[PlyCount "93"]
[EventDate "2021.08.26"]
[EventType "swiss"]
[EventCountry "ISL"]
[Tiebreak "Cut1 Buchholz"]
[SourceTitle "playchess.com"]
[Source "ChessBase"]
[SourceQuality "1"]

{[%evp 21,93,18,22,14,13,13,18,20,19,19,18,25,26,20,22,24,35,29,31,34,36,33,39,
27,120,122,95,46,48,41,57,24,43,34,32,29,38,24,55,47,46,45,89,102,89,0,0,0,113,
36,45,31,35,0,0,0,137,129,216,216,398,397,499,499,480,480,774,773,29976,29977,
29977,29978,29977,29978]} 1. e4 e5 2. Nf3 Nf6 3. Nxe5 d6 4. Nf3 Nxe4 5. d4 d5
6. Bd3 Bd6 7. O-O O-O 8. c4 c6 9. Nc3 Nxc3 10. bxc3 dxc4 11. Bxc4 Bf5 12. Re1 {
C42: Petroff Defence: 3 Nxe5 and unusual White 3rd moves.} Nd7 13. Bg5 Qa5 14.
Nh4 {The position is equal.} Rae8 15. Nxf5 Qxf5 16. Be3 Nf6 17. Bd3 Qd7 18. Qf3
{[#]} Nd5 $146 ({Predecessor:} 18... Qg4 19. Qxg4 Nxg4 20. g3 Nxe3 21. Rxe3 c5
22. Be4 cxd4 23. cxd4 Re7 24. Rae1 g6 {1/2-1/2 (43) Nakamura,H (2736)-Aronian,
L (2773) chess24.com INT 2020}) 19. Bd2 Rxe1+ 20. Rxe1 Re8 21. Rxe8+ Qxe8 22.
h4 b5 {[#]} (22... Qd8 $11) 23. Bxb5 $1 $16 {[%mdl 512]} Qb8 24. Bd3 Qb2 25.
Qe2 Qxa2 26. g3 (26. c4 $5 {[%cal Re2e8]} Nf6 27. Bc3 $16) 26... Nf6 27. Kg2 a5
28. c4 {[%cal Bc3c4,Bc4c5][%mdl 32]} a4 29. c5 Bf8 30. Bc4 Qb2 {[#] And now ...
a3 would win.} 31. Qd3 a3 {Hoping for ...a2.} 32. Bc3 Qb7 33. Bd2 Qb2 {aiming
for ...a2.} 34. Bc3 $36 {[%mdl 2048] Black is under pressure.} Qb7 35. Ba1 (35.
Qc2 $16) 35... Qa8 36. Qb3 Nd5 37. Bxd5 cxd5 38. Qb5 Qc8 (38... h6 $11 {
remains equal.}) 39. Qa4 Be7 (39... Qe6 $16 {was necessary.}) 40. Qxa3 $18 Qc6
$2 (40... f5 41. Qc3 Qc6) 41. Qa7 Qe6 42. Qb8+ Bf8 43. Bc3 f5 (43... h6 $142
44. c6 Kh7 45. Qxf8 Qxc6) 44. c6 f4 45. Bb4 {[%csl Gb4][%cal Rb8f8] White
mates.} Qe4+ 46. Kh2 {[%csl Gb4][%cal Rb8f8]} fxg3+ 47. Kxg3 {[%csl Gb4][%cal
Rb8f8] Weighted Error Value: White=0.09/Black=0.42} 1-0

[Event "EICC 2021"]
[Site "Reykjavik"]
[Date "2021.08.31"]
[Round "6.25"]
[White "Kobo, Ori"]
[Black "Svane, Rasmus"]
[Result "1/2-1/2"]
[WhiteElo "2490"]
[BlackElo "2615"]
[Annotator "TA"]
[PlyCount "111"]
[EventDate "2021.08.26"]
[EventType "swiss"]
[EventCountry "ISL"]
[Tiebreak "Cut1 Buchholz"]
[SourceTitle "playchess.com"]
[Source "ChessBase"]
[SourceQuality "1"]

{[%evp 16,111,12,14,2,0,9,0,0,0,0,0,0,0,0,0,0,0,0,0,0,0,0,-13,0,0,0,0,0,0,0,0,
0,0,0,0,0,-10,0,0,0,-5,0,-22,-20,-33,-25,-37,-42,-63,-70,-175,-176,-159,-158,
-212,-201,-195,-185,-196,-179,-252,-245,-216,-72,-101,-98,-92,-85,-86,-86,-86,
-85,-106,-37,-27,-25,-35,-13,-12,0,0,0,0,0,0,0,0,0,0,0,0,0,0,0,0,0,0]} 1. e4 e5
2. Nf3 Nc6 3. d4 exd4 4. Nxd4 Nf6 5. Nc3 Bb4 6. Nxc6 bxc6 7. Bd3 O-O 8. O-O d5
9. Bd2 Rb8 {C47: Scotch Four Knights and Four Knights with 4 g3.} 10. Re1 Re8
11. exd5 Rxe1+ 12. Qxe1 cxd5 13. a3 Bf8 14. b4 {[#]} c5 $146 ({Predecessor:} 
14... Rb6 15. Rd1 Bb7 16. Bg5 h6 17. Bh4 g5 18. Bg3 Re6 19. Qf1 Nh5 20. Bf5 Rf6
{1-0 (52) Kunin,V (2567)-Ivanisevic,I (2606) Chess.com INT 2021}) 15. bxc5 Bxc5
16. h3 h6 17. Na4 Bd6 18. Bb4 Bc7 19. Rd1 Qd7 20. Nc3 Bb7 21. Qe7 Qxe7 22. Bxe7
Be5 23. Ne2 Bc6 24. Bc5 a5 25. Nd4 Ba4 26. Nf3 Bc3 (26... Bf4 {with more
complications.} 27. Ba7 Rc8 28. Nd4 g6 29. Bb6 Be5) 27. Bd4 Bxd4 28. Nxd4 Kf8
29. Ne2 Ke7 30. Nc3 Bc6 31. Kf1 Kd6 32. f3 Kc5 33. Rb1 (33. Kf2 $15) 33...
Rxb1+ $19 34. Nxb1 {[%mdl 4096] Endgame KBN-KBN} Nh5 35. Nd2 (35. Ke1 $17 {
was necessary.}) 35... Ba4 $1 36. c3 {[#]} Bb5 $1 {[%cal Rb5d3]} 37. Bxb5 Kxb5
{KN-KN} 38. Kf2 (38. Ke1 {might work better.}) 38... Ka4 39. c4 {[#]} Kxa3 (
39... d4 $1 $19 {is more deadly.} 40. c5 Nf4) 40. cxd5 $17 Nf6 41. d6 a4 42.
Ke3 Kb4 {And now ...a3 would win.} 43. Ne4 {aiming for Nxf6.} Nd7 {Hoping for .
..a3.} 44. Kd4 Nf8 (44... a3 $17 {Threatens to win with ...a2.} 45. Nc3 Kb3)
45. Nc5 $15 a3 46. Nd3+ Kb5 {...a2 is the strong threat.} 47. Kc3 $1 {The
position is equal.} a2 48. Kb2 Kc6 49. Kxa2 Ng6 50. g3 Kxd6 51. Kb3 Ne7 52. Kc4
Nc6 53. f4 h5 54. Nf2 Ke6 55. Kd3 Ne7 56. Ke4 {White happily takes the draw. 
Weighted Error Value: White=0.07/Black=0.06} 1/2-1/2

[Event "EICC 2021"]
[Site "Reykjavik"]
[Date "2021.08.31"]
[Round "6.26"]
[White "Quparadze, Giga"]
[Black "Bartel, Mateusz"]
[Result "1-0"]
[WhiteElo "2476"]
[BlackElo "2611"]
[Annotator "TA"]
[PlyCount "95"]
[EventDate "2021.08.26"]
[EventType "swiss"]
[EventCountry "ISL"]
[Tiebreak "Cut1 Buchholz"]
[SourceTitle "playchess.com"]
[Source "ChessBase"]
[SourceQuality "1"]

{[%evp 26,95,33,30,45,46,31,31,37,32,45,34,38,27,19,0,110,16,10,16,4,0,15,10,
11,19,41,0,40,34,23,14,12,0,135,134,133,129,131,131,133,131,136,137,118,118,
116,102,121,86,80,44,44,44,45,49,45,47,55,45,260,292,269,287,254,262,261,249,
296,122,293,194]} 1. e4 e5 2. Nf3 Nc6 3. Bb5 a6 4. Ba4 Nf6 5. O-O Be7 6. Re1 b5
7. Bb3 d6 8. c3 O-O 9. h3 Na5 10. Bc2 c5 11. d4 Qc7 12. Nbd2 cxd4 13. cxd4 Rd8
14. b3 Nc6 {C99: Closed Ruy Lopez: Chigorin Defence: 11 d4 Qc7 12 Nbd2 cxd4.}
15. Bb2 Bb7 16. Rc1 Qb6 {[%cal Re5d4] White is slightly better.} 17. Nf1 d5 18.
exd5 Rxd5 {[%cal Re5d4]} 19. Ne3 Rd7 {[%cal Rc6d4]} 20. Nf5 exd4 (20... Bf8 $1
$11) 21. Nxe7+ {[#]} (21. Bxd4 Nxd4 22. Ne5 Nf3+ $1 {[%mdl 512]} 23. Qxf3 Bxf3
$19) ({Don't blunder} 21. N3xd4 $2 Bc5 $19) (21. Qd2 $1 $16) 21... Nxe7 $146 ({
Predecessor:} 21... Rxe7 22. Rxe7 Nxe7 23. Bxd4 Qe6 24. Ng5 Qd5 25. Nf3 Qe6 26.
Ng5 Qd5 27. Nf3 Qe6 28. Ng5 {1/2-1/2 (28) Mista,A (2589)-Bartel,M (2609)
Zgierz 2018}) 22. Bxd4 Qd8 23. Qe2 Bxf3 24. Qxf3 (24. gxf3 Rxd4 25. Qxe7 g6 $15
) 24... Rxd4 {[#]} 25. Rxe7 $1 Rb8 (25... h6 26. Rc7) 26. Rc7 Qd6 (26... g6 $5
{[%cal Rd8c7]} 27. Qc3 Rd6 $11) 27. Rc6 Qa3 28. Re1 Rd6 29. Rc7 $40 {[%mdl 128]
White has some attack.} Qa5 (29... Rf8 $11 {remains equal.}) 30. Ree7 $16 Rf8 {
[#]} 31. b4 $1 {[%cal Rb4a5]} Qxb4 32. Bb3 {[%cal Re7f7]} Rdd8 33. Rxf7 {
Qxf6! would kill now.} Rxf7 34. Rxf7 ({Don't play} 34. Bxf7+ Kf8 $14) 34...
Qe1+ 35. Kh2 {Intending Rxf6+ and mate.} Qe5+ 36. g3 {White wants to mate with
Rxf6+.} Kh8 37. Qb7 h5 38. Re7 Qc5 39. Qa7 Qxa7 40. Rxa7 $14 {[%mdl 4096]
Endgame KRB-KRN} Rd6 41. Bc2 {And now Ra8+ would win.} g5 42. Kg2 Nd5 $2 (42...
g4 $14) 43. Rh7+ $18 {[%mdl 64] Double Attack} Kg8 44. Rxh5 Ne3+ 45. fxe3 Rd2+
46. Kf3 Rxc2 47. a4 (47. Rxg5+ $18 {and the rest is easy.} Kf7 48. a4) 47... b4
$2 (47... Rc5 $16 {was worth a try.} 48. Rh6 a5) 48. Rh6 {Weighted Error Value:
White=0.21/Black=0.36} 1-0

[Event "EICC 2021"]
[Site "Reykjavik"]
[Date "2021.08.31"]
[Round "6.28"]
[White "Maurizzi, Marc Andria"]
[Black "Parligras, Mircea-Emilian"]
[Result "1/2-1/2"]
[WhiteElo "2488"]
[BlackElo "2591"]
[Annotator "TA"]
[PlyCount "87"]
[EventDate "2021.08.26"]
[EventType "swiss"]
[EventCountry "ISL"]
[Tiebreak "Cut1 Buchholz"]
[SourceTitle "playchess.com"]
[Source "ChessBase"]
[SourceQuality "1"]

{[%evp 14,87,15,21,26,15,12,0,20,20,28,23,5,0,18,0,26,0,0,-27,-14,-18,0,0,0,8,
26,23,12,17,18,0,39,1,15,6,37,25,33,16,27,37,21,12,12,11,27,9,15,0,0,0,18,0,0,
0,11,11,11,0,12,0,0,0,0,0,0,0,0,0,0,0,0,0,0,0]} 1. d4 Nf6 2. c4 e6 3. Nc3 Bb4
4. e3 O-O 5. Bd2 b6 6. Bd3 Bb7 7. Nf3 d6 8. O-O Nbd7 {[%cal Bb8d7,Bd7c5,Bc5a4]
[%mdl 32] E21: Nimzo-Indian: 4 Nf3.} 9. Rc1 e5 {[#] Threatens to win with ...
Bxc3.} 10. Bb1 Re8 11. d5 a5 12. a3 Bxc3 {[#]} 13. Bxc3 $146 ({Predecessor:} 
13. Rxc3 Nc5 14. Rc1 a4 15. Bc2 Bc8 16. h3 Bd7 17. Qe2 Qc8 18. e4 h6 19. Kh2 {
0-1 (49) Pamperin,G (1812)-Goy,U (2109) Binz 2011}) 13... Nc5 14. Nd2 b5 15. b4
axb4 16. axb4 Na4 17. e4 bxc4 18. Nxc4 Ba6 19. Qb3 Nxc3 20. Rxc3 Qd7 21. Rfc1
Bxc4 22. Rxc4 Rec8 23. h3 Ra7 24. Bd3 Rca8 25. Rc6 Ne8 26. b5 {[#] And now Ra6
would win.} Ra1 27. Rxa1 Rxa1+ 28. Kh2 {Strongly threatening Ra6.} Ra8 29. Ra6
Qd8 30. Qc2 Rb8 {The position is equal.} 31. Ra7 Ra8 32. Ra6 Rb8 33. Qc6 h5 34.
Ra7 Rb6 35. Qc1 Rb8 36. Be2 h4 37. g3 hxg3+ 38. fxg3 Ra8 39. Ra6 Rb8 40. Bd3
Nf6 41. Ra7 Rc8 42. Qc6 g6 43. Kg2 Kg7 44. h4 {Weighted Error Value: White=0.
06/Black=0.05} 1/2-1/2